Largest Cities in the World Beginning With 'Ma' - Statistics

General Stats
  • This quiz has been taken 142 times
  • The average score is 14 of 32
Answer Stats
# Population Country Answer % Correct
2 6,650,000 Spain Madrid
100%
4 3,150,000 United Kingdom Manchester
98%
1 27,200,000 Philippines Manila
98%
12 1,700,000 France Marseille
90%
18 1,370,000 Nicaragua Managua
86%
6 2,525,000 Mozambique Maputo
84%
7 2,150,000 Brazil Manaus
82%
15 1,550,000 Bahrain Manama
80%
19 1,170,000 Morocco Marrakech
79%
22 1,090,000 Spain Malaga
71%
5 2,800,000 Venezuela Maracaibo
71%
14 1,590,000 Germany Mannheim
68%
3 3,425,000 Iran Mashhad
64%
11 1,740,000 Myanmar Mandalay
60%
16 1,470,000 Venezuela Maracay
35%
9 1,790,000 Indonesia Makassar
32%
21 1,110,000 Brazil Maceio
24%
8 1,930,000 India Madurai
22%
20 1,160,000 Nigeria Maiduguri
22%
29 597,135 Malaysia Malacca City
16%
31 532,858 China Macau
15%
25 626,300 Argentina Mar del Plata
14%
27 623,254 Russia Makhachkala
13%
10 1,750,000 Indonesia Malang
13%
26 623,841 India Mangalore
9%
23 784,608 China Ma'anshan
8%
32 511,192 Japan Matsuyama
8%
17 1,410,000 China Maoming
6%
13 1,699,060 India Malappuram
5%
28 614,202 Egypt Mahalla el-Kubra
3%
24 676,812 Brazil Maringa
3%
30 576,642 India Malegaon
2%
No matching quizzes found
Score Distribution
Percent of People with Each Score
Percentile by Number Answered
Your Score History
You have not taken this quiz